| 000 | 00668nam a22001817a 4500 | ||
|---|---|---|---|
| 999 |
_c187743 _d187743 |
||
| 005 | 20220428130844.0 | ||
| 010 | _aENG-132445 | ||
| 020 |
_a9789385616051 _c925.00 |
||
| 035 | _aEN-115977 | ||
| 037 | _bDBAD/PUB | ||
| 082 | _a610.73 | ||
| 100 | _aPrathiba, P.M. | ||
| 245 |
_aMedical Surgical Nursing-II: _bFor GNM Second Year/ _cP.M.Prathiba |
||
| 260 |
_aVijayawada _bVijayam Publications _c2019 |
||
| 270 |
_a28-2-28, Ramamandiram St., Governerpet, Eluru Road, Andhra Pradesh, _bVijayawada _e517502 _k0866-2432445, 888541400, 8885414666 _l2432445/6 _mvijayampublicationsvja@yahoo.com |
||
| 300 |
_aVp. _c24cm(pbk) |
||
| 942 |
_2ddc _cEN _h610.73 _mPRA |
||